Применение аддитивных технологий в литейном производстве; Прогрессивные технологии и экономика в машиностроении

Bibliographische Detailangaben
Parent link:Прогрессивные технологии и экономика в машиностроении.— 2022.— [С. 41-43]
1. Verfasser: Шамсуллозода Ш. Ш.
Körperschaft: Томский политехнический университет Юргинский технологический институт
Weitere Verfasser: Сапрыкин А. А. Александр Александрович (научный руководитель)
Zusammenfassung:Заглавие с экрана
В статье исследовано и проанализировано использование аддитивных технологии в современном литейном производстве, определяющих их инновационное развитие по созданию новой продукции, имеющей высокие показатели по качеству, надежности и определяющих ее конкурентоспособность на мировом рынке.
The article explores and analyzes the use of additive technologies in a large foundry, achieving high levels of quality, reliability and ensuring its effectiveness in the world market.
Sprache:Russisch
Veröffentlicht: 2022
Schriftenreihe:Современные промышленные технологии
Schlagworte:
Online-Zugang:http://earchive.tpu.ru/handle/11683/70652
Format: MixedMaterials Elektronisch Buchkapitel
KOHA link:https://koha.lib.tpu.ru/cgi-bin/koha/opac-detail.pl?biblionumber=634219

MARC

LEADER 00000naa2a2200000 4500
001 634219
005 20231102024719.0
035 |a (RuTPU)RU\TPU\conf\36004 
035 |a RU\TPU\conf\36003 
090 |a 634219 
100 |a 20220415d2022 k y0rusy50 ca 
101 0 |a rus  |d eng 
102 |a RU 
105 |a y z 101zy 
135 |a drgn ---uucaa 
181 0 |a i  
182 0 |a b 
200 1 |a Применение аддитивных технологий в литейном производстве  |f Ш. Ш. Шамсуллозода  |g науч. рук. А. А. Сапрыкин 
203 |a Текст  |c электронный 
225 1 |a Современные промышленные технологии 
230 |a 1 компьютерный файл (pdf; 117 Kb) 
300 |a Заглавие с экрана 
320 |a [Библиогр.: с. 43 (3 назв.)] 
330 |a В статье исследовано и проанализировано использование аддитивных технологии в современном литейном производстве, определяющих их инновационное развитие по созданию новой продукции, имеющей высокие показатели по качеству, надежности и определяющих ее конкурентоспособность на мировом рынке. 
330 |a The article explores and analyzes the use of additive technologies in a large foundry, achieving high levels of quality, reliability and ensuring its effectiveness in the world market. 
463 0 |0 (RuTPU)RU\TPU\conf\35989  |t Прогрессивные технологии и экономика в машиностроении  |o сборник трудов XIII Всероссийской научно-практической конференции для студентов и учащейся молодежи, 7-9 апреля 2022 г., Юрга  |f Национальный исследовательский Томский политехнический университет (ТПУ), Юргинский технологический институт (ЮТИ) ; под ред. А. А. Сапрыкина  |v [С. 41-43]  |d 2022 
610 1 |a электронный ресурс 
610 1 |a труды учёных ТПУ 
610 1 |a аддитивные технологии 
610 1 |a литейное производство 
610 1 |a инновационное развитие 
610 1 |a 3D-печать 
610 1 |a литье 
610 1 |a casting 
610 1 |a technology 
610 1 |a production 
610 1 |a 3D printing 
700 1 |a Шамсуллозода  |b Ш. Ш. 
702 1 |a Сапрыкин  |b А. А.  |c специалист в области машиностроения  |c заведующий кафедрой Юргинского технологического института (филиала) Томского политехнического университета, кандидат технических наук  |f 1977-  |g Александр Александрович  |2 stltpush  |4 727  |9 10727 
712 0 2 |a Томский политехнический университет  |b Юргинский технологический институт  |c (2003-2009)  |2 stltpush  |3 (RuTPU)RU\TPU\col\12451  |9 25408 
801 2 |a RU  |b 63413507  |c 20220419  |g RCR 
856 4 |u http://earchive.tpu.ru/handle/11683/70652 
942 |c BK